| 000 | 00781nam a22002177a 4500 | ||
|---|---|---|---|
| 005 | 20240530110359.0 | ||
| 008 | 150117r2009 ua a 000 0 ara d | ||
| 017 |
_a2009/15103 _bمصر . دار الكتب المصرية |
||
| 020 | _a9789773043661 | ||
| 040 | _aEG-CaGPL | ||
| 041 | 0 | _aara | |
| 082 | 0 | 4 |
_221 _a306.874 _bط/ش ت |
| 100 | 1 | _aشنايدر ، سيلفيا | |
| 245 | 1 | 0 |
_aتساؤلات الاولاد / _cتاليف سيلفيا شنايدر ؛ ترجمة صلاح هلال |
| 260 |
_aالقاهرة : _bدار الياس العصرية للطباعة والنشر ، _c2009 |
||
| 300 |
_a147 ص ؛ _c19 سم |
||
| 490 | 0 | _aتساؤلات | |
| 700 | 0 |
_aصلاح هلال _eمترجم |
|
| 942 |
_2ddc _cBK |
||
| 999 |
_c60217 _d60217 |
||